The Enjoyment of music : (Record no. 9356)

MARC details
000 -LEADER
fixed length control field 00816nam a22002292 4500
001 - CONTROL NUMBER
control field 0000020483
005 - DATE AND TIME OF LATEST TRANSACTION
control field 20151217152215.0
008 - FIXED-LENGTH DATA ELEMENTS--GENERAL INFORMATION
fixed length control field 110920s xx 000 0 eng d
020 ## - INTERNATIONAL STANDARD BOOK NUMBER
International Standard Book Number 0393978796 :
040 ## - CATALOGING SOURCE
Original cataloging agency KABU
Transcribing agency KABU
100 1# - MAIN ENTRY--PERSONAL NAME
Personal name Machlis, Joseph.
-- 0000181574
245 14 - TITLE STATEMENT
Title The Enjoyment of music :
Remainder of title an introduction to perceptive listening /
Statement of responsibility, etc. Joseph Machlis, Kristine Forney.
250 ## - EDITION STATEMENT
Edition statement 9th/shorter ed.
260 ## - PUBLICATION, DISTRIBUTION, ETC. (IMPRINT)
Place of publication, distribution, etc. New York :
Name of publisher, distributor, etc. W. W. Norton,
Date of publication, distribution, etc. 2003.
300 ## - PHYSICAL DESCRIPTION
Extent xxix, 516 p. +
Accompanying material 1 Student resource CD and 4 CDs Norton recordings.
650 #0 - SUBJECT ADDED ENTRY--TOPICAL TERM
Topical term or geographic name as entry element Music appreciation.
-- 0000151960
700 1# - ADDED ENTRY--PERSONAL NAME
Personal name Forney, Kristine.
-- 0000151962
852 1# - LOCATION
-- p2800 KES
852 1# - LOCATION
-- p2800 KES
908 ## - PUT COMMAND PARAMETER (RLIN)
Put command parameter 110920
950 ## - LOCAL HOLDINGS (RLIN)
-- 1
Holdings
Withdrawn status Lost status Source of classification or shelving scheme Damaged status Not for loan Home library Current library Date acquired Total Checkouts Full call number Barcode Date last seen Date last checked out Price effective from Koha item type
  Lost Library of Congress Classification     Kabarak, Main Campus Kabarak, Main Campus 17/12/2015 5 MT90 .M33 2003 c. 1 21642 19/04/2018 19/04/2018 17/12/2015 General Collection
    Library of Congress Classification     Kabarak, Main Campus Kabarak, Main Campus 17/12/2015 3 MT90 .M33 2003 c. 2 19575 16/03/2020 04/03/2020 17/12/2015 General Collection
    Library of Congress Classification     Kabarak, Main Campus Kabarak, Main Campus 17/12/2015   MT90 .M33 2003 CD 1-4 c. 1 19846 17/12/2015   17/12/2015 Visual Materials
    Library of Congress Classification     Kabarak, Main Campus Kabarak, Main Campus 17/12/2015   MT90 .M33 2003 CD 1-4 c. 2 19847 17/12/2015   17/12/2015 Visual Materials
Designed with assistance from East African Informatics Ltd